Progressively Harder Simpsons Quiz Stats

 Plays Quiz Updated Jan 15, 2016

Also try: The Simpsons
Challenge
Share
Tweet
Score 0/63 Timer 12:00
8 Plays Today
% Correct
Homer Simpson
99.8%
Bart Simpson
99.2%
Lisa Simpson
98.8%
Marge Simpson
98.7%
Maggie Simpson
98.1%
Ned Flanders
96.9%
Krusty the Clown
96.8%
Abe Simpson
96.6%
Moe Szyslak
96.1%
Itchy
94.9%
Scratchy
94.8%
Montgomery Burns
94.6%
Apu
94.6%
Milhouse Van Houten
93.1%
Santa's Little Helper
92.9%
Sideshow Bob
92.6%
Duffman
92.1%
Seymour Skinner
91.4%
Barney Gumble
90.9%
Groundskeeper Willie
88.4%
Comic Book Guy
86.9%
Chief Wiggum
86.3%
Ralph Wiggum
85.9%
Selma Bouvier
85.9%
Waylon Smithers
85.8%
Nelson Muntz
84.6%
Snowball (II)
84.3%
Disco Stu
83.7%
Edna Krabappel
83.4%
Otto Mann
82.9%
Todd Flanders
82.8%
Carl Carlson
82.5%
% Correct
Patty Bouvier
82.3%
Mayor Quimby
81.7%
Lenny Leonard
81.3%
Rod Flanders
81.2%
Snake Jailbird
79.9%
Rev. Lovejoy
79.4%
Dr. Nick Riviera
76.7%
Maude Flanders
74.4%
Fat Tony
73.7%
Kent Brockman
73.7%
Hans Moleman
72.6%
Gary Chalmers
72.4%
Troy McClure
71.7%
Cletus Spuckler
71.6%
Eleanor Abernathy
71.5%
Dr. Hibbert
69%
Martin Prince
68.4%
Professor Frink
64.7%
Kang
60.2%
Rainier Wolfcastle
58.8%
Lou
57.2%
Kodos
54%
Lionel Hutz
53.6%
Helen Lovejoy
49.8%
Kirk Van Houten
45.8%
Agnes Skinner
44.6%
Jasper Beardly
42%
Brandine Spuckler
41.6%
Mona Simpson
40%
Eddie
40%
Luann Van Houten
39.2%

You're not logged in!

Compare scores with friends on all Sporcle quizzes.
Join for Free
OR
Log In

You Might Also Like...

Show Comments

Extras

Top Quizzes Today


Score Distribution

Your Account Isn't Verified!

In order to create a playlist on Sporcle, you need to verify the email address you used during registration. Go to your Sporcle Settings to finish the process.

Report this User

Report this user for behavior that violates our Community Guidelines.

Details: